Neurons and the DHA principle (Record no. 11879)
[ view plain ]
| 000 -LEADER | |
|---|---|
| fixed length control field | 02371nam a2200325Ia 4500 |
| 001 - CONTROL NUMBER | |
| control field | CRC0KE13609PDF |
| 003 - CONTROL NUMBER IDENTIFIER | |
| control field | BD-DhSAU |
| 005 - DATE AND TIME OF LATEST TRANSACTION | |
| control field | 20151012144306.0 |
| 006 - FIXED-LENGTH DATA ELEMENTS--ADDITIONAL MATERIAL CHARACTERISTICS | |
| fixed length control field | m|||||o||d|||||||| |
| 007 - PHYSICAL DESCRIPTION FIXED FIELD--GENERAL INFORMATION | |
| fixed length control field | cr|||| |
| 008 - FIXED-LENGTH DATA ELEMENTS--GENERAL INFORMATION | |
| fixed length control field | 121126s2013 fluadf sb 001 0 eng d |
| 020 ## - INTERNATIONAL STANDARD BOOK NUMBER | |
| International Standard Book Number | 9781439874875 (ebook : PDF) |
| 040 ## - CATALOGING SOURCE | |
| Original cataloging agency | BD-DhSAU |
| Transcribing agency | BD-DhSAU |
| 090 ## - LOCALLY ASSIGNED LC-TYPE CALL NUMBER (OCLC); LOCAL CALL NUMBER (OCLC) | |
| Classification number (OCLC) (R) ; Classification number, CALL (RLIN) (NR) | QP752.D63 |
| Local cutter number (OCLC) ; Book number/undivided call number, CALL (RLIN) | V35 2013 |
| 092 ## - LOCALLY ASSIGNED DEWEY CALL NUMBER (OCLC) | |
| Classification number | 616.83 |
| Item number | V159 |
| 100 1# - MAIN ENTRY--PERSONAL NAME | |
| Personal name | Valentine, R. C. |
| Fuller form of name | (Raymond Carlyle), |
| Dates associated with a name | 1936- |
| 245 10 - TITLE STATEMENT | |
| Title | Neurons and the DHA principle |
| Medium | [electronic resource] / |
| Statement of responsibility, etc. | Raymond C. Valentine, David L. Valentine. |
| 260 ## - PUBLICATION, DISTRIBUTION, ETC. (IMPRINT) | |
| Place of publication, distribution, etc. | Boca Raton : |
| Name of publisher, distributor, etc. | CRC Press, |
| Date of publication, distribution, etc. | 2013. |
| 300 ## - PHYSICAL DESCRIPTION | |
| Extent | xxiii, 251 p., [12] p. of plates : |
| Other physical details | ill. (some col.). |
| 504 ## - BIBLIOGRAPHY, ETC. NOTE | |
| Bibliography, etc | Includes bibliographical references and index. |
| 505 0# - FORMATTED CONTENTS NOTE | |
| Formatted contents note | ch. 1. Nature of neurons and their specialized membranes -- ch. 2. DHA contributes both benefits and risks to mammals -- ch. 3. Use it or lose it concept of brain health is linked to DHA -- ch. 4. Evolution and DHA : redefining the DHA principle -- ch. 5. DHA is 'king omega' for maximizing mental speed -- ch. 6. DHA improves energy efficiency in neurons -- ch. 7. Wild conformational dynamics of DHA might save energy by sealing stretch-induced defects as fast as they occur in membranes -- ch. 8. Lipid whisker model and water-wire theory of energy uncoupling in neurons -- ch. 9. Neurons boost their energy state by using powerful antioxidant systems to protect their membranes against damage -- ch. 10. Oxygen-dependent damage (lipid peroxidation) of DHA membranes of neurons is inevitable and requires novel mechanisms for long-term protection -- ch. 11. Revised mitochondrial theory of aging and brain span -- ch. 12. Development of dual energy pacemaker theory of aging : role of the membrane -- ch. 13. Membranes and cancer -- ch. 14. Parkinson's disease -- ch. 15. Prion diseases -- ch. 16. Brain trauma-induced dementia -- ch. 17. Alzheimer's disease. |
| 530 ## - ADDITIONAL PHYSICAL FORM AVAILABLE NOTE | |
| Additional physical form available note | Also available in print edition. |
| 538 ## - SYSTEM DETAILS NOTE | |
| System details note | Mode of access: World Wide Web. |
| 650 #0 - SUBJECT ADDED ENTRY--TOPICAL TERM | |
| Topical term or geographic name as entry element | Docosahexaenoic acid. |
| 650 #0 - SUBJECT ADDED ENTRY--TOPICAL TERM | |
| Topical term or geographic name as entry element | Neurons. |
| 655 #7 - INDEX TERM--GENRE/FORM | |
| Genre/form data or focus term | Electronic books. |
| Source of term | lcsh |
| 700 1# - ADDED ENTRY--PERSONAL NAME | |
| Personal name | Valentine, David L. |
| 776 1# - ADDITIONAL PHYSICAL FORM ENTRY | |
| International Standard Book Number | 9781439874868 (hardback : alk. paper) |
| 856 40 - ELECTRONIC LOCATION AND ACCESS | |
| Uniform Resource Identifier | <a href="http://marc.crcnetbase.com/isbn/9781439874875">http://marc.crcnetbase.com/isbn/9781439874875</a> |
| Electronic format type | application/PDF |
No items available.
